Nature and society in historical context. / (Record no. 6586)

MARC details
000 -LEADER
fixed length control field 01760nam a22001817a 4500
008 - FIXED-LENGTH DATA ELEMENTS--GENERAL INFORMATION
fixed length control field 180417b xxu||||| |||| 00| 0 eng d
020 ## - INTERNATIONAL STANDARD BOOK NUMBER
International Standard Book Number 0521498813
050 ## - LIBRARY OF CONGRESS CALL NUMBER
Classification number GF13.N37
245 ## - TITLE STATEMENT
Title Nature and society in historical context. /
260 ## - PUBLICATION, DISTRIBUTION, ETC.
Place of publication, distribution, etc. New York:
Name of publisher, distributor, etc. Cambridge Univ. Pres;
Date of publication, distribution, etc. 1997.
300 ## - PHYSICAL DESCRIPTION
Extent xv, 404p. ; ill.,
Dimensions 24cm.
500 ## - GENERAL NOTE
General note Includes index
505 ## - FORMATTED CONTENTS NOTE
Formatted contents note Contents: Introduction: 1: Knowledge of nature and society -- 2: Two conceptions of the world in Greek and Roman thought:cyclicity and degeneration -- 3: Byzantine fools: the link between nature and society -- 4: The 'chaotic spaces' of medieval madness: thoughts on the English and Welsh experience -- 5: On the perception of nature in a Renaissance society -- 6: Fables of the bees: a case-study on views of nature and society -- 7: The earth's fertility as a social fact in early modern England -- 8: The island and the history of environmentalism: the case of St Vincent -- 9: Art and nature in pre-classical economics of the seventeenth and eighteenth centuries -- 10: The urban and the rustic in enlightenment London -- 11: Science, society and culture in the romantic -- 12: The anti-romantic tomantics: nature, knowledge and identity -- 13: The wordy worship of nature and the tacit feeling for nature in the history of German forestry -- 14: 'Let us begin with the weather': climate, race and cultural distinctiveness in the American south -- 15: Wild west imagery: landscape perception in nineteenth-century America -- 16: On human nature: Darwin and the anthropologists -- 17: The nature of morality and the morality of nature: problems of normative natural philosophy.
700 ## - ADDED ENTRY--PERSONAL NAME
Personal name Teich , Mikulas
700 ## - ADDED ENTRY--PERSONAL NAME
Personal name Porter , Roy
700 ## - ADDED ENTRY--PERSONAL NAME
Personal name Gustafsson ,Bo
942 ## - ADDED ENTRY ELEMENTS (KOHA)
Source of classification or shelving scheme Library of Congress Classification
Koha item type Books
Holdings
Withdrawn status Lost status Source of classification or shelving scheme Damaged status Not for loan Home library Current library Shelving location Date acquired Total Checkouts Full call number Barcode Date last seen Copy number Price effective from Koha item type
    Library of Congress Classification     WISCONSIN INTERNATIONAL UNIVERSITY COLLEGE, GHANA - MAIN LIBRARY WISCONSIN INTERNATIONAL UNIVERSITY COLLEGE, GHANA - MAIN LIBRARY Reference 17/04/2018   GF13. N37 8190/008/18 17/04/2018 1 17/04/2018 Books

If you have any concerns or questions; kindly contact the library


© Powered by WIUC ICT DIRECTORATE